PETTY'S PRINCIPLES OF MUSCULOSKELETAL TRETMENT & MANAGEMENT A HB. OF THERAPISTS (Record no. 31026)

MARC details
000 -LEADER
fixed length control field 00487nam a22001697a 4500
003 - CONTROL NUMBER IDENTIFIER
control field SGT
020 ## - INTERNATIONAL STANDARD BOOK NUMBER
International Standard Book Number 9780323872287
082 ## - DEWEY DECIMAL CLASSIFICATION NUMBER
Classification number 615.8
Item number P24B
100 ## - MAIN ENTRY--PERSONAL NAME
Personal name BARNARD, KIERAN
245 ## - TITLE STATEMENT
Title PETTY'S PRINCIPLES OF MUSCULOSKELETAL TRETMENT & MANAGEMENT A HB. OF THERAPISTS
250 ## - EDITION STATEMENT
Edition statement 4TH
260 ## - PUBLICATION, DISTRIBUTION, ETC. (IMPRINT)
Place of publication, distribution, etc UK
Name of publisher, distributor, etc ELSEVIER PUB
Year of Publication 2024
300 ## - PAGE DESCRIPTION
No. of Pages 295
650 ## - SUBJECT ADDED ENTRY--TOPICAL TERM
Topical term or geographic name as entry element PHYSIOTHERAPY
653 ## - KEYWORDS--INDEX TERM
Keyword term PETTY'S PRINCIPLES OF MUSCULOSKELETAL TRETMENT & MANAGEMENT A HB. OF THERAPISTS
942 ## - ADDED ENTRY ELEMENTS (KOHA)
Source of classification or shelving scheme Dewey Decimal Classification
Koha item type Books
Holdings
Withdrawn status Lost status Source of classification or shelving scheme Damaged status Not for loan Collection code Home library Current library Shelving location Date acquired Vendor Name Cost, normal purchase price SGTU Bill Number Total Checkouts Full call number Accession No. (Barcode) Date last seen Bill Date Koha item type
    Dewey Decimal Classification   Not For Loan MEDICAL SGT Medical Library SGT Medical Library Reference Book 23/03/2025 ABC DELHI 6188.00 SGTU 20801   615.8 P24B FM15355 26/04/2025 23/03/2025 Books